000 00924nam a2200229 i 4500
001 175676
003 ES-MaACL
005 20230906215906.0
008 101116s2001 sp a |||| | spa d
080 _a74/75 Mazariegos, Eduardo (064.3)
100 1 _aMazariegos, Eduardo.
_979457
245 1 0 _aEduardo Mazariegos
_b: del 4 al 23 de abril de 2001, exposición de esculturas y pinturas, Instituto Egipcio de Estudios Islámicos.
260 _aMadrid :
_bFundación Concha Márquez :
_bInstituto Egipcio de Estudios Islámicos,
_c[2001]
300 _a[24] p. :
_bprincipalmente il. ;
_c24 cm.
600 1 4 _aMazariegos, Eduardo-
_vExposiciones.
_9143414
655 7 _2tgfbne
_9193628
_aCatálogos de exposiciones
710 2 _aFundación Concha Márquez.
_9143960
710 2 _aInstituto Egipcio de Estudios Islámicos.
_9143961
852 _aES-MaACL
_j2303-F-25
942 _2udc
999 _c175676
_d175676